01013nam a22001697a 4500003000900000005001700009008003600026040002300062082002600085100002400111245005100135260004600186300002000232500006000252520051500312650001600827DO-SdBNP20210806121859.0210806b2016 dr |||| 00| 0 spa d aBPMSUbSpa.cBPMSU a398.6 bJ61a 20162221 aJiménez, Adriana 10aAdivinanzas en abundancia /cAdriana jiménez aSanto Domingo, bEditora Nacional,c2016. a99 p. ;c23 cm. aincluyes datos biogríficos de la autora en la solapa  aLas adivinanzas son acertijos narrados en rimas para hacerlas más atractivas. Generalmente se refieren a frutas, vegetales, objetos y raramente a conceptos abstractos. Las adivinanzas son mini cuentos, pueden limitarse a la descripción de algo o la respuesta puede estar escondida en las combinaciones de palabras dentro de la misma adivinanza. Cualquier hora del día, cualquier día de la semana, se presta para sentarse a tratar de adivinar lo que se esconde las palabras. Helas aquí, en abundancia. 4aAdivinanzas